Renovación y actualización de las Hermandades Sanitarias de San Cosme y San Damián / (Record no. 46582)
[ view plain ]
| 000 -LEADER | |
|---|---|
| campo de control de longitud fija | 00636nam a2200157 i 4500 |
| 001 - NÚMERO DE CONTROL | |
| campo de control | 46582 |
| 003 - IDENTIFICADOR DE NÚMERO DE CONTROL | |
| campo de control | ES-MaACL |
| 005 - FECHA Y HORA DE LA ÚLTIMA TRANSACCIÓN | |
| campo de control | 20230906161418.0 |
| 007 - CAMPO FIJO DE DESCRIPCIÓN FÍSICA--INFORMACIÓN GENERAL | |
| campo de control de longitud fija | t| |
| 008 - DATOS DE LONGITUD FIJA--INFORMACIÓN GENERAL | |
| campo de control de longitud fija | 030331s1967 sp ||||1| spa d |
| 111 2# - ENTRADA PRINCIPAL--NOMBRE DE CONGRESO/REUNIÓN | |
| Nombre de congreso/reunión o jurisdicción como elemento de entrada | Congreso Nacional de Hermandades Sanitarias de San Cosme y San Damián ( |
| Número del congreso/reunión o número de parte o sección | 14. |
| Fecha del congreso o de la firma del tratado | 1967. |
| Sede del congreso/Lugar de la reunión | Zaragoza) |
| 9 (RLIN) | 536 |
| 245 10 - MENCIÓN DEL TÍTULO | |
| Título | Renovación y actualización de las Hermandades Sanitarias de San Cosme y San Damián / |
| Mención de responsabilidad, etc. | XIV Congreso Nacional de Hermandades Sanitarias de San Cosme y San Damián. |
| 260 ## - PUBLICACIÓN, DISTRIBUCIÓN, ETC. | |
| Lugar de publicación, distribución, etc. | [Zaragoza : |
| Nombre del editor, distribuidor, etc. | s.n., |
| Fecha de publicación, distribución, etc. | 1967] ( |
| Fabricante | Tall. El Noticiero) |
| 300 ## - DESCRIPCIÓN FÍSICA | |
| Extensión | 58 p. ; |
| Dimensiones | 24 cm. |
| 852 ## - LOCALIZACIÓN | |
| Ubicación | ES-MaACL |
| Número de control de estantería | C-33440 |
| Sublocalización o colección | R.64258 |
| Estatus retirado | Estado de pérdida | Estado de daño | No para préstamo | Biblioteca de origen | Biblioteca actual | Ubicación en estantería | Fecha de adquisición | Fuente de adquisición | Total de préstamos | Signatura topográfica completa | Código de barras | Visto por última vez | Precio de reemplazo | Tipo de ítem Koha |
|---|---|---|---|---|---|---|---|---|---|---|---|---|---|---|
| Biblioteca del Ateneo de Madrid | Biblioteca del Ateneo de Madrid | Depósito 2 | 17/01/2008 | C-33440 | 1048991 | 23/02/2023 | 23/02/2023 | Libro impreso |
